000 00802cam a22002055a 4500
001 L153416
008 110722s2011 xxk f 000 0 eng d
020 _a9781848851894
035 _a(Sirsi) u153416
041 0 _aeng
050 0 4 _a690.241 $2 18
100 1 _aSharpe, Geoffrey R.
245 0 0 _aHistoric english churches
_ba guide to their construction, design and features
260 _aLondon
_bTauris & Co Ltd
_c2011
520 _aThis publication deals with the historic construction of churches, including materials, skills and people involved. Included is a guide to assessing the development of a church using its architectural clues.
590 _aKA
651 4 _aUnited Kingdom
_y
690 _aBUILT ENVIRONMENT-BUILDING TYPES-ANCIENT MONUMENTS AND HISTORIC BUILDINGS
942 _n0
999 _c112506
_d112506